01358nam a2200253 a 450000100100000000500170001000800410002704000250006808200210009310000390011424500410015326000420019430000320023660000610026865100630032991000390039204900090043195201340044095201340057495201350070895201190084395201250096299900170108700002212120240305125740.0100917s1983 dr ac 001 0 spa d aDO-SdBNPbspacBNPHU a923.57293bH552f1 aHamlet, Hermann,d1934-201693664910aFrancis Caamaño /cHamlet Hermann. aSanto Domingo :bAlfa y Omega,c1983. axxii, 492 p. :bil., retrs.14aCAAMAÑO DEÑÓ, FRANCISCO ALBERTO,d1932-1973910026 4aRepública DominicanaxHistoriayREVOLUCIÓN, 196592167 aValidado. Control de calidad BNPHU aBNPD 001054708DSaGRbGRcHDd2010-09-17iLF1l0o923.57293 H552fp22121-30r2020-06-25te. 3w2020-06-25yLFDSZPréstamo en sala 001054708DSaGRbGRcHDd2010-09-17iLF1l0o923.57293 H552fp22121-40r2020-06-25te. 4w2020-06-25yLFDSZPréstamo en sala 001054708DSaGRbGRcHDd2010-09-17iLF1l0o923.57293 H552fp22121-50r2020-06-25te. 5w2020-06-25yLFDSZPréstamo en sala 0010718PDaPDbPDcHDd2010-09-17iLF1l0o923.57293 H552fp22121-10r2020-06-25w2020-06-25yLFPDZNo se presta 0010718PDaPDbPDcHDd2010-09-17iLF1l0o923.57293 H552fp22121-20r2020-06-25te. 2w2020-06-25yLFPDZNo se presta c21619d21619